European Union Members Minefield Quiz Stats

Quiz Updated Jul 14, 2016

Challenge
Share
Tweet
Score 0/28 Timer 05:00
83 Plays Today
% Correct
???
84.3%
???
80.4%
???
79%
???
76%
???
73.9%
???
72.8%
???
69.7%
???
68.7%
???
67.9%
???
63.7%
???
60%
???
57.2%
???
54.7%
???
53.4%
% Correct
???
50.1%
???
48.9%
???
47.9%
???
45.4%
???
42%
???
41.9%
???
41.5%
???
41.4%
???
41.1%
???
41%
???
39.9%
???
34.9%
???
21.9%
???
19.9%

You're not logged in!

Compare scores with friends on all Sporcle quizzes.
Sign Up with Email
OR
Log In

You Might Also Like...

Show Comments

Extras

Top Quizzes Today


Score Distribution

Your Account Isn't Verified!

In order to create a playlist on Sporcle, you need to verify the email address you used during registration. Go to your Sporcle Settings to finish the process.